| 000 | 01267cam a2200301 a 4500 | ||
|---|---|---|---|
| 005 | 20080630080719.0 | ||
| 008 | 060329s2006 ii a b 001 0beng | ||
| 010 | _aENG-95530 | ||
| 020 |
_a8190282832 _c855.00 |
||
| 035 | _aEN-79063 | ||
| 035 | _aG-001370 | ||
| 037 | _bDBAD/PUB | ||
| 100 |
_aSood, Shubhi. _934232 |
||
| 245 |
_aLeadership, Field Marshal Sam Manekshaw / _cby Shubhi Sood. |
||
| 260 |
_aNoida : _bSDS Publishers, _c2009 |
||
| 270 |
_a1709, Sectro-29, _bNOida _e201301 |
||
| 300 |
_axx, 290 p. : _bill. (some col.) ; _c23 cm.(Hb) |
||
| 504 | _aIncludes bibliographical references and index. | ||
| 520 | _aBiography of Sam Manekshaw, b. 1914, Field Marshal of India. | ||
| 600 |
_aManekshaw, Sam, _d1914-2008. _934233 |
||
| 650 |
_aMarshals _zIndia _vBiography. _934234 |
||
| 650 |
_aGenerals _zIndia _vBiography. _934235 |
||
| 650 |
_aArmed Forces _xOfficers _vBiography. _934236 |
||
| 942 |
_2ddc _cEN _mSOO |
||
| 999 |
_c32002 _d32002 |
||